Ioannis Lodovici Vivis Valentini Praefatio in leges Ciceronis ; et, Aedes legum (Record no. 106380)
[ view plain ]
| 000 -LEADER | |
|---|---|
| fixed length control field | 01542nam a2200361 a 4500 |
| 100 1# - MAIN ENTRY--AUTHOR NAME | |
| Personal name | Vives, Juan Luis, |
| 245 10 - TITLE STATEMENT | |
| Title | Ioannis Lodovici Vivis Valentini Praefatio in leges Ciceronis ; et, Aedes legum |
| 250 ## - EDITION STATEMENT | |
| Edition statement | 1. Aufl. |
| 260 ## - PUBLICATION, DISTRIBUTION, ETC. (IMPRINT) | |
| Place of publication | Leipzig : |
| Name of publisher | Teubner, |
| Year of publication | 1984. |
| 300 ## - PHYSICAL DESCRIPTION | |
| Number of Pages | xiv, 35 p. |
| 700 1# - ADDED ENTRY--PERSONAL NAME | |
| Personal name | Matheeussen, Constantinus. |
| Personal name | Vives, Juan Luis, |
| 856 40 - ELECTRONIC LOCATION AND ACCESS | |
| Uniform Resource Identifier | http://site.ebrary.com/lib/rucke/Doc?id=10591538 |
No items available.
